Top 15 dei paesi con decessi Covid-19 - 4 agosto - Statistics

Statistiche generali
  • Questo quiz è stato fatto 5 volte
  • Il punteggio medio è 14 su 20
Statistiche sulle risposte
nazione % Corretto
Francia
100%
Italia
100%
Messico
100%
Regno Unito
100%
Russia
100%
Spagna
100%
Stati Uniti
100%
Brasile
75%
Germania
75%
India
75%
Irlanda
75%
Svezia
75%
Belgio
50%
Cile
50%
Colombia
50%
Paesi Bassi
50%
Perù
50%
Ecuador
25%
Iran
25%
Panama
0%
Nessun quiz corrispondente trovato
Distribuzione punteggi
Percentuale di utenti per punteggio
Percentile per numero di risposta
I tuoi punteggi nel tempo
Non hai fatto questo quiz